[Event "Poti Aleksandria Cup 5th"]
[Site "Poti"]
[Date "2010.07.11"]
[Round "1"]
[White "Hamandi, Mohammed Nawfel Kar"]
[Black "Kashia, Vakhtang"]
[Result "0-1"]
[WhiteElo "2258"]
[BlackElo "1720"]
[PlyCount "62"]
[EventDate "2010.07.11"]
[EventType "swiss"]
[EventRounds "9"]
[EventCountry "GEO"]
[SourceTitle "CBM 137 Extra"]
[Source "ChessBase"]
[SourceDate "2010.09.01"]
[SourceVersion "1"]
[SourceVersionDate "2010.09.01"]
[SourceQuality "1"]

1. d4 Nf6 2. c4 g6 3. Nc3 Bg7 4. Nf3 d6 5. e4 0-0 6. Be2 Nc6 7. 0-0 e5 8. d5 Ne7 9. b4 h6 10. Nd2 g5 11. c5 Ne8 12. Nc4 f5 13. f3 f4 14. cxd6 cxd6 15. b5 h5 16. b6 axb6 17. Ba3 Rf6 18. Na4 Rh6 19. h3 g4 20. fxg4 hxg4 21. hxg4 Rh7 22. Rc1 Ng6 23. Rc3 f3 24. Bxf3 Qh4 25. Ne3 Nf4 26. Qe1 Qh2+ 27. Kf2 Bf6 28. Nf5 Bxf5 29. Qb1 Bxg4 30. Bxg4 Qxg2+ 31. Ke3 Rh3+ 0-1

[Event "Asia Cities-ch 16th"]
[Site "Beirut"]
[Date "2009.04.20"]
[Round "7.6"]
[White "Hamal, Manish"]
[Black "Hamandi, Mohammed Nawfel Kar"]
[Result "0-1"]
[WhiteElo "2069"]
[BlackElo "2231"]
[PlyCount "100"]
[EventDate "2009.04.16"]
[EventType "team-swiss"]
[EventRounds "9"]
[EventCountry "LBN"]
[SourceTitle "EXT 2020"]
[Source "ChessBase"]
[SourceDate "2019.10.17"]
[SourceVersion "1"]
[SourceVersionDate "2019.10.17"]
[SourceQuality "1"]
[WhiteTeam "Kathmandu"]
[BlackTeam "Sulaymaniyah"]
[WhiteTeamCountry "NEP"]
[BlackTeamCountry "IRQ"]

1. e4 c5 2. Nf3 d6 3. d4 cxd4 4. Nxd4 Nf6 5. Nc3 a6 6. Be2 e5 7. Nf3 h6 8. Be3 Be6 9. Qd2 Nbd7 10. Rd1 Be7 11. 0-0 Rc8 12. Ne1 Nc5 13. f3 Qd7 14. b3 Qc7 15. Nd5 Nxd5 16. exd5 Bf5 17. c4 0-0 18. Kh1 Bg6 19. f4 Ne4 20. Qc1 exf4 21. Bxf4 Qa5 22. Bd3 Qxa2 23. Bxe4 Bxe4 24. Qe3 f5 25. Rd2 Qa1 26. Qb6 Rfd8 27. Qxb7 Bf8 28. Qa7 Rb8 29. Qc7 g5 30. Bg3 Qg7 31. Qa5 Qb7 32. c5 Qb5 33. Qxb5 Rxb5 34. c6 f4 35. Bf2 Rxd5 36. Ra2 a5 37. Bb6 Rc8 38. c7 Rb5 39. Bxa5 d5 40. Nf3 Bb4 41. Bxb4 Rxb4 42. Ra7 Rxb3 43. Rc1 Rb2 44. Ra6 g4 45. Rd6 gxf3 46. Rd8+ Kh7 47. Rxc8 Rxg2 48. Rd8 Rc2 49. c8Q Rxc8 50. Rd7+ Kg6 0-1

[Event "Asia Cities-ch 16th"]
[Site "Beirut"]
[Date "2009.04.18"]
[Round "3.5"]
[White "Abhishek, Das"]
[Black "Hamandi, Mohammed Nawfel Kar"]
[Result "1-0"]
[WhiteElo "2286"]
[BlackElo "2231"]
[PlyCount "89"]
[EventDate "2009.04.16"]
[EventType "team-swiss"]
[EventRounds "9"]
[EventCountry "LBN"]
[SourceTitle "EXT 2020"]
[Source "ChessBase"]
[SourceDate "2019.10.17"]
[SourceVersion "1"]
[SourceVersionDate "2019.10.17"]
[SourceQuality "1"]
[WhiteTeam "Bangalore"]
[BlackTeam "Sulaymaniyah"]
[WhiteTeamCountry "IND"]
[BlackTeamCountry "IRQ"]

1. e4 c5 2. Nf3 d6 3. d4 cxd4 4. Nxd4 Nf6 5. Nc3 a6 6. Be2 e5 7. Nb3 Be7 8. Bg5 Be6 9. Bxf6 Bxf6 10. Qd3 0-0 11. 0-0-0 Qb6 12. f3 Nc6 13. Kb1 Nd4 14. g4 g6 15. g5 Bg7 16. Nd5 Bxd5 17. exd5 Rac8 18. Rc1 a5 19. Qe3 a4 20. Nd2 a3 21. b3 Qc5 22. c4 Nxe2 23. Qxe2 e4 24. Qxe4 Rce8 25. Qf4 Re2 26. Rc2 Be5 27. Qg4 Qe3 28. Qe4 Qf2 29. Qd3 Bf4 30. Rd1 Re1 31. Nf1 Rxd1+ 32. Qxd1 Qg1 33. Re2 Qxg5 34. Nd2 Be5 35. Ne4 Qf4 36. Qd3 Bg7 37. b4 Ra8 38. Kc2 Rc8 39. Kb3 b5 40. c5 Be5 41. c6 f5 42. Nc3 Qc1 43. Nxb5 Rb8 44. c7 Rxb5 45. Qc2 1-0

[Event "Asia Cities-ch 16th"]
[Site "Beirut"]
[Date "2009.04.18"]
[Round "4.8"]
[White "Hamandi, Mohammed Nawfel Kar"]
[Black "Bassel, Charaf"]
[Result "1-0"]
[WhiteElo "2231"]
[BlackElo "2020"]
[PlyCount "65"]
[EventDate "2009.04.16"]
[EventType "team-swiss"]
[EventRounds "9"]
[EventCountry "LBN"]
[SourceTitle "EXT 2020"]
[Source "ChessBase"]
[SourceDate "2019.10.17"]
[SourceVersion "1"]
[SourceVersionDate "2019.10.17"]
[SourceQuality "1"]
[WhiteTeam "Sulaymaniyah"]
[BlackTeam "Hazmieh"]
[WhiteTeamCountry "IRQ"]
[BlackTeamCountry "LBN"]

1. d4 d5 2. c4 e6 3. Nc3 c6 4. e3 Nf6 5. Nf3 a6 6. c5 Nbd7 7. b3 Qa5 8. Bd2 Qc7 9. Be2 e5 10. 0-0 e4 11. Ne1 g6 12. b4 Bg7 13. a4 0-0 14. b5 b6 15. cxb6 Qxb6 16. a5 Qc7 17. b6 Qd8 18. Na4 Bb7 19. Nc2 Re8 20. Rc1 Re6 21. Bb4 h5 22. Na1 Bf8 23. Qd2 Bxb4 24. Qxb4 Qf8 25. Qxf8+ Rxf8 26. Nb3 Ne8 27. Nbc5 Nxc5 28. Nxc5 Nd6 29. Bxa6 Bxa6 30. Nxa6 Nb7 31. Nc5 Nxa5 32. Nxe6 f6 33. Rc5 1-0